ARRUPE JESUIT UNIVERSITY

CORONAVIRUS -STOP THE SPREAD - CLEAN,DISINFECT,COVER

Emergent Africa (Record no. 131476)

MARC details
000 -LEADER
fixed length control field 00784cam a22002651 4500
001 - CONTROL NUMBER
control field 8015719
003 - CONTROL NUMBER IDENTIFIER
control field ARRUPE
005 - DATE AND TIME OF LATEST TRANSACTION
control field 20220520082814.0
008 - FIXED-LENGTH DATA ELEMENTS--GENERAL INFORMATION
fixed length control field 720420s1967 enkab 000 0 eng
010 ## - LIBRARY OF CONGRESS CONTROL NUMBER
LC control number 67078011
015 ## - NATIONAL BIBLIOGRAPHY NUMBER
National bibliography number GB67-3231
035 ## - SYSTEM CONTROL NUMBER
System control number (OCoLC)289409
040 ## - CATALOGING SOURCE
Original cataloging agency DLC
Transcribing agency OKentU
Modifying agency OCoLC
-- NN
-- Uk
-- DLC
042 ## - AUTHENTICATION CODE
Authentication code premarc
043 ## - GEOGRAPHIC AREA CODE
Geographic area code f------
050 00 - LIBRARY OF CONGRESS CALL NUMBER
Classification number DT31
Item number .W27
300 ## - PHYSICAL DESCRIPTION
Other physical details illus., maps
Dimensions 22 cm.
100 1# - MAIN ENTRY--PERSONAL NAME
Personal name Ward, W. E. F.
Fuller form of name (William Ernest Frank),
Dates associated with a name 1900-
9 (RLIN) 51715
245 10 - TITLE STATEMENT
Title Emergent Africa
Statement of responsibility, etc [by] W.E.F. Ward.
260 ## - PUBLICATION, DISTRIBUTION, ETC. (IMPRINT)
Place of publication, distribution, etc London,
Name of publisher, distributor, etc Allen & Unwin,
Date of publication, distribution, etc 1967.
300 ## - PHYSICAL DESCRIPTION
Extent 231 p.
490 0# - SERIES STATEMENT
Series statement 20th century histories,
Volume number/sequential designation 3
651 #0 - SUBJECT ADDED ENTRY--GEOGRAPHIC NAME
Geographic name Africa
General subdivision History
Chronological subdivision 20th century.
9 (RLIN) 31507
906 ## - LOCAL DATA ELEMENT F, LDF (RLIN)
a 7
b cbc
c oclcrpl
d u
e ncip
f 19
g y-gencatlg
942 ## - ADDED ENTRY ELEMENTS (KOHA)
Source of classification or shelving scheme Library of Congress Classification
Koha item type Monograph ( Printed materials)
Holdings
Withdrawn status Lost status Source of classification or shelving scheme Damaged status Not for loan Collection code Home library Current library Shelving location Date acquired Total Checkouts Full call number Barcode Date last seen Price effective from Koha item type
    Library of Congress Classification     Main Collection ARRUPE LIBRARY ARRUPE LIBRARY Main Collection 20/05/2022   DT31 .W27 46600008712 20/05/2022 20/05/2022 Monograph ( Printed materials)

 

Arrupe Library. PO Box MP320 Mt Pleasant, Harare, Zimbabwe
263 242 745411|librarian@aju.ac.zw